| 000 | 02208nam a2200325 4500 | ||
|---|---|---|---|
| 001 | 448 | ||
| 003 | OSt | ||
| 005 | 20250701145021.0 | ||
| 008 | 250701b |||||||g |||| 00| j eng d | ||
| 020 | _a8532512054 | ||
| 040 | _bpor | ||
| 041 |
_heng _apor |
||
| 082 |
_a028.5 _bA649e |
||
| 100 | 1 |
_aApplegate, Katherine. _d1956 - |
|
| 240 | _aAnimorphs: the encounter | ||
| 245 |
_aAnimorphs: _bO encontro / _cApplegate, Katherine; Tradução de Cristina Band |
||
| 260 |
_aRio de Janeiro _bRocco _c2000 |
||
| 300 | _a128 p. | ||
| 520 | _audo começou em um terreno abandonado. Foi no dia em que uma turma de amigos encontrou a nave espacial de um extraterrestre que tinha como missão impedir a invasão dos terríveis Yeerks. O príncipe Andalita, que chefiava a missão em defesa da Terra, travou uma batalha mortal para mandar a nave-mãe dos Yeerks embora. Não conseguiu. Agora os invasores estão na Terra tentando escravizar a raça humana. Ferido mortalmente, o Andalita concedeu a Jake, Marco, Cassie, Rachel e Tobias o poder de se transformarem em animais, pois só os Animorphs poderiam combater os Yeerks. Agora restava a este grupo de amigos identificar seus inimigos. Pouco a pouco eles tentam eliminar os locais em que os invasores mais poderosos se reúnem. Começam com o ataque à piscina de alimentação dos yeerks. Invadem a casa de Chapman, um dos controladores-chave, e quase perdem Rachel. No início tudo parecia estar correndo bem. De repente, o tempo começou a se esgotar. Eles perceberam que o tanque já estava cheio e ninguém conseguia abri-lo. A nave-mãe poderia partir a qualquer momento, mas ninguém tinha como escapar. O mais perigoso dos Yeerks, Visser Três, sequer admitia a possibilidade de perder e seria capaz de qualquer atrocidade para reduzir a pó os defensores do príncipe andalita. | ||
| 650 | 0 |
_aLiteratura Americana _984 |
|
| 650 | 0 |
_aInvasão alienígena _9986 |
|
| 650 | 0 |
_aAdolescentes como heróis _9987 |
|
| 650 | 0 |
_aInfantojuvenil _9200 |
|
| 650 | 0 |
_aTransformação em animais _9988 |
|
| 655 | 0 |
_aRomance _923 |
|
| 655 | 0 |
_aFicção _922 |
|
| 700 |
_aCristina Band _eTRADUTOR _9984 |
||
| 830 |
_aAnimorphs _9985 _vvol. 02 |
||
| 942 |
_2ddc _n0 _cBK |
||
| 999 |
_c448 _d448 |
||